00461 a2200133 4500001001000000005001700010008004100027245009400068100003000162700003400192700003300226773005100259999001700310ART_4668020260410162039.0260409a 10aLa facilitación comercial y sus efectos en el comercio bilateral chileno de 2006 a 20141 aFuenzalida-O´Shee, Darcy1 aValenzuela-Klagges, Bárbara1 aCorvalán-Quiroz, Alejandro0 tRevista Cepalg- Nº 124 (abr. 2018)wREV45125 c34759d34759